| 000 | 00608nam a2200193Ia 4500 | ||
|---|---|---|---|
| 003 | IN-BaIIA | ||
| 008 | 211028s9999 xx 000 0 eng d | ||
| 040 | _cIIA Library | ||
| 080 |
_a083.7:621.95.229 _bISI |
||
| 110 | _aIndian Standards Institution | ||
| 245 | 0 |
_aIndian standard specification for jig bushes _bpt. 2, renewable drill bushes _cIndian Standards Institution |
|
| 260 |
_aNew Delhi _bIndian Standards Institution _c1972 |
||
| 300 | _a7p. | ||
| 500 | _aIS 666 : Part 2 : 1972 | ||
| 650 |
_a Jig Bushes-Standards _99233 |
||
| 650 | _a Standards | ||
| 650 | _aNASA Thesaurus | ||
| 942 | _cBK | ||
| 999 |
_c5241 _d5241 |
||